Ces gares en France qui ne portent pas le nom de leur commune #5 - Statistiques

Statistiques générales
  • Ce quiz a été pris 9 fois
  • Le résultat moyen est 9 sur 21
Statistiques - réponses
Gare Commune Département % Correct
La Défense Puteaux 92
88%
Saint-Cyprien - Arènes Toulouse 31
88%
Saint-Marthe en Provence Marseille 13
75%
La Croix de Berny Antony 92
63%
Les Noues Goussainville 95
63%
Saint-Isidore (Stade) Nice 06
63%
La Borne Blanche Orry-la-Ville 60
63%
Agay Saint-Raphaël 83
50%
Estressin Vienne 38
50%
Ranguin Cannes 06
38%
Gros Noyer - Saint-Prix Ermont 95
38%
Rassuen Istres 13
38%
La Varenne - Chennevières Saint-Maur des Fossés 94
38%
Boulouris-sur-Mer Saint-Raphaël 83
38%
Chaville - Vélizy Viroflay 78
38%
Thomery Fontainebleau 77
25%
La Pauline (Hyères) La Garde 83
25%
Pont de Lignon Beauzac 43
13%
Arvant Bournoncle Saint-Pierre 43
13%
Jassoneix Meymac 19
13%
La Levade La Grand-Combe 30
0%
Aucun quiz correspondant
Distribution des résultats
% des personnes avec chaque résultat
Percentile par nombre de réponses
Votre historique - résultats
Vous n’avez pas pris ce quiz